000 00517nam a2200145Ia 4500
008 140724s9999 xx 000 0 und d
050 _aQA 76.76.W56
_b.As854 2011
100 _aAstillero, Van Alessandro De Guia.
245 _aPoint of sale system for Burgooz Restaurant /
_cVan Alessandro De Guia Astillero.
260 _aLas PiƱas, Philippines :
_bSouthville International School and Colleges,
_cc2011.
300 _a50 p. :
_bill. ;
_c28 cm.
521 _aInformation Technology
942 _cTH
999 _c228729
_d228729